[Event "West Wales Major"]
[Site "Pontlliw"]
[Date "2025.11.16"]
[Round "5.6"]
[White "Mitchell, Thomas"]
[Black "Whitehouse, Evan"]
[Result "0-1"]
[WhiteElo "1850"]
[BlackElo "1760"]
[WhiteFideId "-1"]
[BlackFideId "-1"]
[PlyCount "136"]
[GameId "2257261412717030"]
[EventDate "2025.11.14"]
[EventType "swiss"]
[EventRounds "5"]
[EventCountry "WLS"]

1. e4 c5 2. c3 Nf6 3. e5 Nd5 4. Bc4 Nb6 5. Bb3 c4 6. Bc2 d5 7. d4 cxd3 8. Qxd3 g6 9. Nf3 Nc6 10. h3 Bf5 11. Qe2 Bxc2 12. Qxc2 e6 13. Bg5 Be7 14. Bh6 Qc7 15. Qe2 Nc4 16. b3 N4xe5 17. Nxe5 Qxe5 18. Qxe5 Nxe5 19. Bg7 Nd3+ 20. Ke2 Rg8 21. Bd4 Nc5 22. Na3 a6 23. c4 Nd7 24. cxd5 Bxa3 25. dxe6 fxe6 26. Rhe1 Kf7 27. Kf3 Rge8 28. Rad1 Rad8 29. Re4 Nc5 30. Rf4+ Kg8 31. Bxc5 Bxc5 32. Rc1 Bb6 33. Rb4 Rd6 34. Ke4 e5 35. Rcc4 Re7 36. f3 Kf7 37. Rc2 Rd4+ 38. Rxd4 exd4+ 39. Kd5 d3 40. Rd2 Ba5 41. Rxd3 Rd7+ 42. Ke4 Rxd3 43. Kxd3 Be1 44. Ke4 Kf6 45. f4 a5 46. a4 h5 47. g4 hxg4 48. hxg4 Bd2 49. f5 gxf5+ 50. gxf5 b6 51. Kd3 Bb4 52. Ke4 Ba3 53. Kf4 Bb2 54. Ke4 Bc1 55. Kd5 Kxf5 56. Kc6 Be3 57. Kd5 Kf4 58. Kc4 Bc5 59. Kd3 Ke5 60. Kc4 Ke4 61. Kc3 Kd5 62. Kd3 Bf8 63. Kc3 Bg7+ 64. Kd3 Kc5 65. Ke4 Kb4 66. Kd5 Kxb3 67. Kc6 Kxa4 68. Kxb6 Kb4 0-1

[Event "West Wales Major"]
[Site "Pontlliw"]
[Date "2025.11.16"]
[Round "5.7"]
[White "Jones, Martin C"]
[Black "Philpin, Les"]
[Result "1-0"]
[WhiteElo "1783"]
[BlackElo "1831"]
[WhiteFideId "-1"]
[PlyCount "54"]
[GameId "2257263013954031"]
[EventDate "2025.11.14"]
[EventType "swiss"]
[EventRounds "5"]
[EventCountry "WLS"]

1. d4 g6 2. c4 Bg7 3. Nc3 c5 4. Nf3 cxd4 5. Nxd4 b6 6. e4 Bb7 7. Be2 Nc6 8. Be3 Nf6 9. O-O Ne5 10. f4 Nc6 11. Bf3 Qc8 12. e5 Ng8 13. b3 Nh6 14. Nce2 Nb4 15. Qd2 Bxf3 16. Rxf3 Na6 17. Rd1 Qb7 18. f5 Ng4 19. e6 Nxe3 20. exf7+ Kf8 21. Qxe3 Nc5 22. Nc3 Bf6 23. Nd5 g5 24. Nxf6 exf6 25. Re1 d6 26. Qe8+ Kg7 27. Re7 Qc8 1-0

[Event "West Wales Major"]
[Site "Pontlliw"]
[Date "2025.11.16"]
[Round "5.9"]
[White "Smith, Andrew R"]
[Black "Williams, Steve"]
[Result "1-0"]
[WhiteElo "1777"]
[BlackElo "1663"]
[WhiteFideId "-1"]
[BlackFideId "-1"]
[PlyCount "39"]
[GameId "2257264144191993"]
[EventDate "2025.11.14"]
[EventType "swiss"]
[EventRounds "5"]
[EventCountry "WLS"]

1. e4 c5 2. Nf3 Nc6 3. d4 cxd4 4. Nxd4 g6 5. Nc3 Bg7 6. Be3 Nf6 7. Be2 O-O 8. O-O d5 9. exd5 Nxd5 10. Nxd5 Qxd5 11. Bf3 Qd7 12. Nxc6 bxc6 13. c3 Rd8 14. Qxd7 Bxd7 15. Rfd1 Rab8 16. Rd2 a5 17. Rad1 Rb7 18. Bxc6 Rxb2 19. Rxb2 Bxc3 20. Rc2 1-0

[Event "West Wales Major"]
[Site "Pontlliw"]
[Date "2025.11.16"]
[Round "5.10"]
[White "George, Naveen Daniel"]
[Black "Probert, Malcolm"]
[Result "0-1"]
[WhiteElo "1650"]
[BlackElo "1665"]
[WhiteFideId "-1"]
[PlyCount "74"]
[GameId "2257264958517763"]
[EventDate "2025.11.14"]
[EventType "swiss"]
[EventRounds "5"]
[EventCountry "WLS"]

1. e4 d5 2. exd5 Qxd5 3. Nc3 Qd6 4. d4 g6 5. Nf3 Bg7 6. Be3 a6 7. Qd2 Bf5 8. O-O-O Nc6 9. Bd3 Bxd3 10. Qxd3 Nh6 11. Ne4 Qd8 12. d5 Nb8 13. h3 Nf5 14. Bd2 O-O 15. g4 Nd6 16. Nxd6 cxd6 17. h4 Nd7 18. h5 Qb6 19. Bc3 Bxc3 20. Qxc3 Rac8 21. Qd2 Nc5 22. hxg6 fxg6 23. Nd4 Ne4 24. Qh6 Rf7 25. Ne6 Qxf2 26. Nd4 Qf4+ 27. Kb1 Qxh6 28. Rxh6 Rcf8 29. a3 Rf1 30. Rxf1 Rxf1+ 31. Ka2 Rg1 32. Ne6 Rxg4 33. Nd8 Nf6 34. Nxb7 Nh5 35. Nd8 Kg7 36. Rxh5 gxh5 37. Ne6+ Kf6 0-1

[Event "West Wales Major"]
[Site "Pontlliw"]
[Date "2025.11.16"]
[Round "5.11"]
[White "Stannard, Mike"]
[Black "Goodchild, Tony"]
[Result "1-0"]
[WhiteElo "1528"]
[BlackElo "1521"]
[WhiteFideId "-1"]
[BlackFideId "-1"]
[PlyCount "115"]
[GameId "2257266073145888"]
[EventDate "2025.11.14"]
[EventType "swiss"]
[EventRounds "5"]
[EventCountry "WLS"]

1. d4 d5 2. Nc3 Nf6 3. Bf4 c6 4. e3 Bf5 5. f3 e6 6. g4 Bg6 7. h4 h6 8. Bd3 Bxd3 9. Qxd3 Be7 10. Bg3 Nbd7 11. O-O-O Nb6 12. b3 Bd6 13. Bxd6 Qxd6 14. Kb2 O-O-O 15. Nge2 Nfd7 16. e4 f6 17. f4 Qe7 18. e5 c5 19. dxc5 Nxc5 20. Qd4 Ncd7 21. Rh3 Rhf8 22. Ng1 Kb8 23. Nf3 Rc8 24. g5 f5 25. Nb5 Qc5 26. Qxc5 Rxc5 27. Nd6 Nc8 28. Nd4 Nxd6 29. exd6 Rfc8 30. c3 Re8 31. Re1 hxg5 32. hxg5 g6 33. Rxe6 Rcc8 34. Rxg6 Re4 35. Rg7 Rd8 36. Rhh7 Nc5 37. Nxf5 Rxf4 38. Nd4 Kc8 39. Nb5 Nd7 40. Nxa7+ Kb8 41. Nb5 Kc8 42. Nd4 Rff8 43. Ka3 Rg8 44. Nf5 Rxg7 45. Rxg7 Kb8 46. Kb4 Ka7 47. Kb5 Nb8 48. g6 Nd7 49. c4 dxc4 50. bxc4 Ne5 51. c5 Nc6 52. Ne7 Nd4+ 53. Kc4 Ne6 54. Rg8 Rd7 55. Kd5 Nf4+ 56. Ke4 Nh5 57. Kf5 Ka6 58. Ke6 1-0

[Event "West Wales Minor"]
[Site "Pontlliw"]
[Date "2025.11.14"]
[Round "1.1"]
[White "Mason, Jack"]
[Black "Hurn, Robert Aj"]
[Result "0-1"]
[WhiteElo "1395"]
[BlackElo "1674"]
[WhiteFideId "-1"]
[PlyCount "56"]
[GameId "2260202140082296"]
[EventDate "2025.11.14"]
[EventType "swiss"]
[EventRounds "5"]
[EventCountry "WLS"]

1. e4 c5 2. Nf3 d6 3. d4 cxd4 4. Nxd4 Nf6 5. Nc3 g6 6. Bd3 Bg7 7. Be3 Ng4 8. Qf3 Nxe3 9. Qxe3 Qb6 10. Nce2 Qxb2 11. O-O Qb6 12. Rab1 Qd8 13. f4 O-O 14. f5 Nc6 15. Nxc6 bxc6 16. fxg6 hxg6 17. Qf3 Qa5 18. Nf4 Qxa2 19. Nxg6 fxg6 20. Qe2 Be6 21. e5 Rxf1+ 22. Rxf1 Qd5 23. exd6 Qxd6 24. Bxg6 Rf8 25. Rd1 Bd5 26. Qh5 Rf6 27. Bh7+ Kf8 28. c4 Qc5+ 0-1

[Event "West Wales Minor"]
[Site "Pontlliw"]
[Date "2025.11.14"]
[Round "1.2"]
[White "Hayes, Ian"]
[Black "Josh-Wright, Jakob"]
[Result "1-0"]
[WhiteElo "1665"]
[BlackElo "1391"]
[WhiteFideId "-1"]
[BlackFideId "-1"]
[PlyCount "38"]
[GameId "2257466354974816"]
[EventDate "2025.11.14"]
[EventType "swiss"]
[EventRounds "5"]
[EventCountry "WLS"]

1. d4 d5 2. c4 c6 3. Nf3 Bg4 4. Nc3 Nf6 5. e3 e6 6. cxd5 cxd5 7. Qa4+ Nc6 8. Ne5 Rc8 9. Bb5 Qc7 10. Bd2 a6 11. Bxc6+ bxc6 12. Qxa6 Bd6 13. Rc1 Bxe5 14. dxe5 Qxe5 15. Qxc8+ Ke7 16. Qxh8 Ne4 17. Nxe4 Qxe4 18. f3 Bxf3 19. gxf3 Qxf3 1-0

[Event "West Wales Minor"]
[Site "Pontlliw"]
[Date "2025.11.14"]
[Round "1.3"]
[White "Foster, David S"]
[Black "Ward, John"]
[Result "1-0"]
[WhiteElo "1546"]
[BlackElo "1385"]
[WhiteFideId "-1"]
[BlackFideId "-1"]
[PlyCount "55"]
[GameId "2257466904342633"]
[EventDate "2025.11.14"]
[EventType "swiss"]
[EventRounds "5"]
[EventCountry "WLS"]

1. e4 e5 2. Nf3 Nc6 3. d4 exd4 4. Bc4 Na5 5. Qxd4 Nxc4 6. Qxc4 Nf6 7. e5 d5 8. Qd4 Ne4 9. O-O Bc5 10. Qd3 O-O 11. c4 c6 12. cxd5 Qxd5 13. Qxd5 cxd5 14. Nbd2 Nxd2 15. Bxd2 b6 16. a3 Ba6 17. Rfe1 Bb7 18. Bc3 Rfd8 19. Rad1 Rd7 20. e6 fxe6 21. Rxe6 Kf7 22. Ree1 Rad8 23. Ne5+ Ke6 24. Nxd7+ Kxd7 25. Bxg7 Kc8 26. b4 Bf8 27. Bf6 Rd6 28. Re8+ 1-0

[Event "West Wales Minor"]
[Site "Pontlliw"]
[Date "2025.11.14"]
[Round "1.4"]
[White "Nagari, Virat"]
[Black "Bevan, Paul G"]
[Result "0-1"]
[WhiteElo "1313"]
[BlackElo "1469"]
[WhiteFideId "-1"]
[PlyCount "60"]
[GameId "2257467641389170"]
[EventDate "2025.11.14"]
[EventType "swiss"]
[EventRounds "5"]
[EventCountry "WLS"]

1. e4 e6 2. Nf3 d5 3. exd5 exd5 4. Nc3 d4 5. Nb5 c5 6. Bc4 Nc6 7. d3 Be6 8. Bf4 Qa5+ 9. Nd2 Rc8 10. O-O Bxc4 11. dxc4 a6 12. Nd6+ Bxd6 13. Bxd6 Nge7 14. Re1 Qd8 15. Bg3 O-O 16. Bh4 f6 17. Ne4 Nf5 18. Bg3 Nxg3 19. fxg3 Ne5 20. Nxc5 Rxc5 21. b3 d3 22. c3 b5 23. cxb5 Rxc3 24. bxa6 d2 25. Re4 Qb6+ 26. Kh1 Qf2 27. Ra4 Nd3 28. Rb1 Ne1 29. Qxe1 dxe1=Q+ 30. Rxe1 Qxe1# 0-1

[Event "West Wales Minor"]
[Site "Pontlliw"]
[Date "2025.11.14"]
[Round "1.5"]
[White "Thomas, T Paul"]
[Black "Bradley, Robert"]
[Result "0-1"]
[WhiteElo "1451"]
[BlackElo "1310"]
[WhiteFideId "-1"]
[BlackFideId "-1"]
[PlyCount "62"]
[GameId "2257468951961770"]
[EventDate "2025.11.14"]
[EventType "swiss"]
[EventRounds "5"]
[EventCountry "WLS"]

1. d4 d5 2. e3 Bf5 3. Nf3 Nf6 4. Nbd2 e6 5. a3 Bd6 6. Nh4 Bg6 7. Nxg6 hxg6 8. Nf3 Ne4 9. Qd3 c6 10. Ne5 Nd7 11. Nxd7 Kxd7 12. Qb3 Rb8 13. c4 Qh4 14. g3 Qf6 15. Qc2 Qf3 16. Rg1 Rxh2 17. Rg2 Rxg2 18. Bxg2 Qxg2 19. Qe2 Rh8 20. Kd1 Nxf2+ 21. Kc2 Qe4+ 22. Kb3 Rh2 23. Bd2 Qd3+ 24. Qxd3 Nxd3 25. Rf1 Rxd2 26. Rxf7+ Be7 27. Kc3 Rxb2 28. Kxd3 Rb3+ 29. Ke2 dxc4 30. Rxg7 Rb2+ 31. Kd1 g5 0-1

[Event "West Wales Minor"]
[Site "Pontlliw"]
[Date "2025.11.14"]
[Round "1.6"]
[White "Burton, Andrew"]
[Black "Fitzpatrick, Riley"]
[Result "0-1"]
[WhiteElo "1310"]
[BlackElo "1437"]
[WhiteFideId "-1"]
[BlackFideId "-1"]
[PlyCount "90"]
[GameId "2257470001991860"]
[EventDate "2025.11.14"]
[EventType "swiss"]
[EventRounds "5"]
[EventCountry "WLS"]

1. e4 e6 2. d4 d5 3. Nc3 dxe4 4. a3 Nf6 5. Bg5 Be7 6. Bc4 O-O 7. Qd2 b6 8. f4 Bb7 9. O-O-O Nbd7 10. Nh3 h6 11. Bxf6 Nxf6 12. Rhe1 Qd7 13. d5 exd5 14. Nxd5 Rad8 15. f5 Nxd5 16. Bxd5 Qxd5 17. g4 Qxd2+ 18. Rxd2 Rxd2 19. Kxd2 Rd8+ 20. Kc1 Bc5 21. Re2 e3 22. Ng1 Re8 23. c3 Ba6 24. Rg2 e2 25. Nxe2 Rxe2 26. Rxe2 Bxe2 27. h3 Bf2 28. Kd2 Bb5 29. b3 Kf8 30. c4 Bc6 31. Kc3 Bg2 32. Kb4 Bxh3 33. Kb5 Bxg4 34. Ka6 h5 35. Kxa7 h4 36. Kb7 Bg3 37. b4 h3 38. a4 h2 39. a5 h1=Q+ 40. Ka6 Qa8+ 41. Kb5 c6+ 42. Kxb6 Bf2+ 43. c5 Bxf5 44. a6 Bh4 45. b5 Bd8# 0-1

[Event "West Wales Minor"]
[Site "Pontlliw"]
[Date "2025.11.15"]
[Round "2.1"]
[White "Hurn, Robert Aj"]
[Black "Fitzpatrick, Riley"]
[Result "1-0"]
[Annotator "Home"]
[WhiteElo "1674"]
[BlackElo "1437"]
[BlackFideId "-1"]
[PlyCount "61"]
[GameId "2257473327890749"]
[EventDate "2025.11.14"]
[EventType "swiss"]
[EventRounds "5"]
[EventCountry "WLS"]

{[%evp 0,61,22,26,20,14,13,20,24,9,15,14,19,23,22,18,22,17,39,27,44,11,11,7,33,12,31,-1,-34,-46,-24,-39,-18,-61,35,11,-12,33,17,51,69,42,13,27,69,-1,-40,-15,-14,21,81,3,31,26,413,90,50,18,149,291,445,432,29032,29988]} 1. d4 e6 2. c4 d5 3. Nc3 Nf6 4. cxd5 exd5 5. Bg5 Be7 6. e3 O-O 7. Bd3 Nbd7 8. Nge2 b6 9. O-O Bb7 10. f3 c5 11. Rc1 Rc8 12. Bh4 h6 13. Bf2 a6 14. e4 cxd4 15. Nxd4 Ne5 16. Bb1 Bb4 17. exd5 Bxc3 18. Rxc3 Rxc3 19. bxc3 Nxd5 20. Qc2 g6 21. Re1 Re8 22. Qb3 b5 23. Be4 Nc4 24. Qc2 Ba8 25. Qc1 Kg7 26. Ne2 Qe7 27. Bd4+ Kh7 28. Ng3 f5 29. Nxf5 Qf8 30. Bg7 gxf5 31. Qxh6+ 1-0

[Event "West Wales Minor"]
[Site "Pontlliw"]
[Date "2025.11.15"]
[Round "2.2"]
[White "Bradley, Robert"]
[Black "Hayes, Ian"]
[Result "0-1"]
[WhiteElo "1310"]
[BlackElo "1665"]
[WhiteFideId "-1"]
[BlackFideId "-1"]
[PlyCount "81"]
[GameId "2260202140168321"]
[EventDate "2025.11.14"]
[EventType "swiss"]
[EventRounds "5"]
[EventCountry "WLS"]

1. d4 d6 2. Nf3 Nf6 3. e3 g6 4. b3 Bg7 5. Bb2 O-O 6. Bd3 c5 7. O-O Nc6 8. a3 Bg4 9. Nbd2 cxd4 10. Qb1 dxe3 11. fxe3 Nd5 12. Bxg7 Kxg7 13. Qb2+ Kg8 14. Rae1 Rc8 15. Bc4 Nb6 16. Ng5 Nxc4 17. bxc4 b6 18. Qa2 Ne5 19. Rf4 h6 20. Ngf3 Nxf3+ 21. Nxf3 Bxf3 22. Rxf3 Rc5 23. c3 Qc8 24. e4 Rxc4 25. Qd2 Kg7 26. e5 Qc5+ 27. Kh1 dxe5 28. Qc1 f5 29. h3 e4 30. Rfe3 e5 31. Rd1 f4 32. Ree1 Rxc3 33. Qd2 Rd3 34. Qe2 Rfd8 35. Rc1 Qd4 36. Qg4 Qd7 37. Qxd7+ R8xd7 38. Rxe4 Kf6 39. Rc6+ R3d6 40. Rxd6+ Rxd6 41. Ra4 0-1

[Event "West Wales Minor"]
[Site "Pontlliw"]
[Date "2025.11.15"]
[Round "2.5"]
[White "Sarwar, Adam"]
[Black "Are, Jai Hrithvik Adithya	"]
[Result "1-0"]
[WhiteElo "1650"]
[BlackElo "1465"]
[WhiteFideId "-1"]
[BlackFideId "-1"]
[PlyCount "53"]
[GameId "2257547834822734"]
[EventDate "2025.11.14"]
[EventType "swiss"]
[EventRounds "5"]
[EventCountry "WLS"]

1. e4 e6 2. d4 d5 3. Nc3 dxe4 4. Nxe4 Nd7 5. Bf4 Ngf6 6. Ng3 Be7 7. Nf3 b6 8. c4 Bb7 9. Be2 O-O 10. O-O c5 11. Be3 cxd4 12. Bxd4 Qc7 13. Bxf6 Nxf6 14. Qd4 Rfd8 15. Qc3 a5 16. a3 Rac8 17. Rac1 h5 18. Ne1 Bd6 19. Kh1 h4 20. Nh5 Be5 21. Nxf6+ gxf6 22. Qh3 Qe7 23. Qxh4 Bxb2 24. Rc2 Bxa3 25. Rc3 e5 26. Rg3+ Kf8 27. Qh8# 1-0

[Event "West Wales Minor"]
[Site "Pontlliw"]
[Date "2025.11.15"]
[Round "2.6"]
[White "Deng, Clara"]
[Black "Powell, Andrew"]
[Result "0-1"]
[WhiteElo "1366"]
[BlackElo "1633"]
[WhiteFideId "-1"]
[BlackFideId "-1"]
[PlyCount "60"]
[GameId "2257548872384604"]
[EventDate "2025.11.14"]
[EventType "swiss"]
[EventRounds "5"]
[EventCountry "WLS"]

1. e4 c5 2. Nc3 e6 3. f4 d6 4. Nf3 Be7 5. Bb5+ Nd7 6. O-O a6 7. Ba4 b5 8. Bxb5 axb5 9. Nxb5 Ba6 10. Nxd6+ Bxd6 11. d3 Ne7 12. e5 Bc7 13. Be3 O-O 14. Rf2 Nd5 15. Bd2 Bb6 16. c4 Nb4 17. Bxb4 cxb4 18. d4 Bxc4 19. b3 Bd5 20. Ng5 h6 21. Nf3 Nb8 22. Qd3 Bxf3 23. Rxf3 Bxd4+ 24. Kh1 Bxa1 25. Qb1 Bc3 26. h3 Nc6 27. Qe4 Qc7 28. Qe2 Nd4 29. Qe4 Nxf3 30. Qxf3 Rxa2 0-1

[Event "West Wales Minor"]
[Site "Pontlliw"]
[Date "2025.11.15"]
[Round "2.7"]
[White "Belochkin, David"]
[Black "Liu, Yimo"]
[Result "1-0"]
[Annotator "Home"]
[WhiteElo "1546"]
[BlackElo "1329"]
[WhiteFideId "-1"]
[BlackFideId "-1"]
[PlyCount "110"]
[GameId "2257549596008560"]
[EventDate "2025.11.14"]
[EventType "swiss"]
[EventRounds "5"]
[EventCountry "WLS"]

{[%evp 0,110,19,0,13,13,17,24,-2,20,11,31,30,0,39,39,41,23,44,57,86,54,41,50,93,76,86,59,83,65,82,58,152,108,103,148,187,193,249,212,316,241,78,199,336,176,136,139,205,135,93,164,76,111,77,144,52,110,148,85,69,81,163,148,139,233,284,265,290,158,376,399,405,387,839,565,515,516,540,617,564,578,844,866,887,871,1418,1450,1196,1434,1376,1545,1812,1959,2069,1876,1804,1531,2051,1648,1668,1841,1357,1098,1815,1935,1428,29980,29995,29996,29997,29998,29999]} 1. d4 d5 2. Bf4 Nc6 3. Nf3 Bf5 4. c4 e6 5. Nc3 Nf6 6. a3 Be7 7. e3 O-O 8. Bd3 Ne4 9. Qc2 Nxc3 10. Bxf5 exf5 11. Qxc3 Re8 12. O-O Bf6 13. Rab1 Ne7 14. Qb3 Rb8 15. Bg3 Rc8 16. Qxb7 dxc4 17. Qxa7 Nd5 18. Qc5 Be7 19. Qxc4 Nf6 20. h3 Ne4 21. Bh2 Bh4 22. g3 Bg5 23. Rfd1 h5 24. Ne5 Qe7 25. b4 h4 26. Kg2 Qf6 27. a4 hxg3 28. Bxg3 Nxg3 29. Kxg3 f4+ 30. Kg2 Re6 31. e4 Bh4 32. f3 Qg5+ 33. Ng4 Qg6 34. b5 Rxe4 35. fxe4 Qxe4+ 36. Kg1 Qf3 37. Qd3 Qd5 38. Rf1 Qg5 39. Qe4 Bg3 40. a5 f5 41. Qe6+ Kh7 42. Qxc8 Qe7 43. Qxf5+ Kg8 44. Qe5 Qa3 45. a6 Qa2 46. Qe8+ Kh7 47. Qe4+ Kg8 48. Qg2 Qc4 49. a7 Qxd4+ 50. Kh1 Qxa7 51. Qc6 Kh7 52. b6 cxb6 53. Rxb6 Qa2 54. Qg6+ Kh8 55. Rb8+ Qg8 1-0

[Event "West Wales Minor"]
[Site "Pontlliw"]
[Date "2025.11.15"]
[Round "2.8"]
[White "Deng, Felix"]
[Black "Thomas, T Paul"]
[Result "0-1"]
[WhiteElo "1310"]
[BlackElo "1451"]
[WhiteFideId "-1"]
[BlackFideId "-1"]
[PlyCount "74"]
[GameId "2257552411631741"]
[EventDate "2025.11.14"]
[EventType "swiss"]
[EventRounds "5"]
[EventCountry "WLS"]

1. d4 c6 2. Bf4 d6 3. Nf3 Nf6 4. e3 Nbd7 5. Bd3 g6 6. h3 c5 7. c3 Nh5 8. O-O Nxf4 9. exf4 Bg7 10. Nbd2 O-O 11. dxc5 Nxc5 12. Bc4 d5 13. Be2 Re8 14. Ne5 e6 15. b4 Na6 16. Qa4 Nc7 17. Rad1 Bd7 18. Nxd7 Qe7 19. c4 dxc4 20. Bxc4 a6 21. Nb6 Rad8 22. a3 Rd6 23. Qa5 Bd4 24. Nf3 Bxb6 25. Qa4 Rc6 26. Ne5 Rd6 27. Rxd6 Qxd6 28. Rd1 Qe7 29. Rd7 Bxf2+ 30. Kxf2 Qh4+ 31. g3 Qxh3 32. Rxf7 b5 33. Qb3 bxc4 34. Qxc4 Qh2+ 35. Kf3 Nd5 36. Qc6 Qh1+ 37. Kg4 Qh5# 0-1

[Event "West Wales Minor"]
[Site "Pontlliw"]
[Date "2025.11.15"]
[Round "2.9"]
[White "Peters, Chris"]
[Black "Nagari, Virat"]
[Result "1-0"]
[Annotator "Home"]
[WhiteElo "1657"]
[BlackElo "1313"]
[WhiteFideId "-1"]
[BlackFideId "-1"]
[PlyCount "89"]
[GameId "2257553575145633"]
[EventDate "2025.11.14"]
[EventType "swiss"]
[EventRounds "5"]
[EventCountry "WLS"]

{[%evp 0,89,12,29,19,22,12,0,14,12,20,-15,-26,-29,4,31,14,14,61,61,59,61,44,51,186,177,604,662,606,607,657,427,619,623,620,631,626,608,728,733,744,691,706,711,690,684,709,732,737,724,753,596,849,758,968,899,1481,1382,29985,1144,1350,1467,1467,1326,1510,1430,1659,1737,1811,1798,1886,1251,1930,2360,29987,29986,1949,2557,29969,29984,29991,29992,29993,29986,29993,29986,29987,29988,29991,29990,29999,29999]} 1. e4 e5 2. Nf3 Nc6 3. Bb5 a6 4. Bxc6 dxc6 5. d4 exd4 6. Qxd4 Bg4 7. Be3 Nf6 8. Nc3 b6 9. Qe5+ Qe7 10. Qxe7+ Bxe7 11. Ne5 Bh5 12. Nxc6 O-O 13. Nxe7+ Kh8 14. f3 Rfe8 15. Ned5 Nxd5 16. Nxd5 Rac8 17. Nf4 Bg6 18. h4 h5 19. Nxg6+ fxg6 20. Rd1 Re5 21. Rd5 Rxd5 22. exd5 Rd8 23. c4 b5 24. b3 Re8 25. Kd2 a5 26. Bf4 c5 27. Re1 Rxe1 28. Kxe1 b4 29. Bd6 Kg8 30. Bxc5 Kf7 31. Bb6 Ke7 32. Bxa5 Kf6 33. Bxb4 g5 34. hxg5+ Kxg5 35. Be7+ Kf4 36. d6 Kg3 37. Kf1 h4 38. Bxh4+ Kxh4 39. d7 g5 40. d8=Q Kh5 41. Kf2 Kh6 42. Qh8+ Kg6 43. c5 Kf5 44. c6 Kf4 45. Qf6# 1-0

[Event "West Wales Minor"]
[Site "Pontlliw"]
[Date "2025.11.15"]
[Round "2.10"]
[White "Ward, John"]
[Black "Hill, Glyn"]
[Result "0-1"]
[WhiteElo "1385"]
[BlackElo "1427"]
[WhiteFideId "-1"]
[BlackFideId "-1"]
[PlyCount "112"]
[GameId "2257555390324933"]
[EventDate "2025.11.14"]
[EventType "swiss"]
[EventRounds "5"]
[EventCountry "WLS"]

1. e4 c6 2. d4 d5 3. e5 Bf5 4. Nf3 e6 5. Bd3 Ne7 6. O-O Bg4 7. Nc3 Nf5 8. Be2 c5 9. dxc5 Bxf3 10. Bxf3 Bxc5 11. Na4 Bd4 12. Bg4 Nh4 13. Qxd4 Nc6 14. Qc5 Rc8 15. Qa3 Nd4 16. Bd1 Rxc2 17. Be3 Ne2+ 18. Bxe2 Rxe2 19. Qd6 Qxd6 20. exd6 b6 21. Rac1 Kd7 22. Bg5 Nf5 23. g4 Nxd6 24. Rc3 Re4 25. b3 Rxg4+ 26. Rg3 Rxg3+ 27. hxg3 Rc8 28. f4 f6 29. Bh4 Nf5 30. Nb2 Rc2 31. Rf2 Rxf2 32. Kxf2 h6 33. Kg2 g5 34. fxg5 hxg5 35. Kh3 gxh4 36. g4 Ne7 37. Kxh4 Ng6+ 38. Kh5 Nf4+ 39. Kh6 d4 40. a4 d3 41. g5 fxg5 42. Kxg5 e5 43. Nc4 Ke6 44. Nd2 Ne2 45. b4 Nc3 46. a5 b5 47. Kg4 Nd5 48. Kf3 e4+ 49. Kxe4 Nxb4 50. Kd4 Nc6+ 51. Kxd3 Nxa5 52. Kc3 a6 53. Kb4 Nb7 54. Nb3 Kd5 55. Na5 Nxa5 56. Kxa5 Kc4 0-1

[Event "West Wales Minor"]
[Site "Pontlliw"]
[Date "2025.11.15"]
[Round "2.11"]
[White "Burton, Andrew"]
[Black "Mason, Jack"]
[Result "0-1"]
[WhiteElo "1310"]
[BlackElo "1395"]
[WhiteFideId "-1"]
[BlackFideId "-1"]
[PlyCount "76"]
[GameId "2257557139837134"]
[EventDate "2025.11.14"]
[EventType "swiss"]
[EventRounds "5"]
[EventCountry "WLS"]

1. e4 c5 2. Nf3 Nc6 3. Bc4 g6 4. O-O Bg7 5. c3 e6 6. d3 Nge7 7. Re1 O-O 8. d4 cxd4 9. cxd4 d5 10. exd5 exd5 11. Bb3 Bg4 12. Be3 Nf5 13. h3 Bxf3 14. Qxf3 Nfxd4 15. Bxd4 Nxd4 16. Qd1 Qg5 17. Nc3 Rfe8 18. Rxe8+ Rxe8 19. Bxd5 b5 20. a3 a5 21. b4 Ne2+ 22. Kf1 Nxc3 23. Bxf7+ Kxf7 24. Qd7+ Re7 25. Qg4 Qxg4 26. hxg4 axb4 27. axb4 Re4 28. Ra7+ Kf6 29. f3 Rxb4 30. Ra6+ Kg5 31. Rb6 Rb1+ 32. Kf2 Bd4+ 33. Kg3 Bxb6 34. f4+ Kf6 35. f5 g5 36. Kf3 Rf1+ 37. Kg3 Bc7+ 38. Kh3 Rh1# 0-1

[Event "West Wales Minor"]
[Site "Pontlliw"]
[Date "2025.11.15"]
[Round "3.1"]
[White "Foster, David S"]
[Black "Hurn, Robert Aj"]
[Result "1-0"]
[Annotator "Home"]
[WhiteElo "1546"]
[BlackElo "1674"]
[WhiteFideId "-1"]
[PlyCount "75"]
[GameId "2260202140242059"]
[EventDate "2025.11.14"]
[EventType "swiss"]
[EventRounds "5"]
[EventCountry "WLS"]

1. e4 c5 2. c3 Nf6 3. e5 Nd5 4. d4 cxd4 5. cxd4 d6 6. Bc4 Nb6 7. exd6 Qxd6 8. Bb3 Nc6 9. Be3 Bf5 10. Nc3 e6 11. Nge2 Be7 12. O-O O-O 13. d5 exd5 14. Bxb6 axb6 15. Nxd5 b5 16. Nxe7+ Qxe7 17. Ng3 Bg6 18. Re1 Qd8 19. Qg4 Qd4 20. Qg5 b4 21. Re2 Ra5 22. Qc1 Rc5 23. Qe1 Re5 24. Rd1 Qc5 25. Ne4 Qe7 26. f3 h6 27. Rdd2 Kh7 28. Bc2 f5 29. f4 Re6 (29... Rxe4 30. Bxe4 fxe4 $19) 30. Ng5+ hxg5 31. Rxe6 Qc5+ 32. Qf2 Qc4 33. Bb3 Qb5 34. fxg5 Bh5 35. g6+ Kh8 36. Rd5 Qa6 37. Rxf5 Rd8 38. Rf8+ 1-0

[Event "West Wales Minor"]
[Site "Pontlliw"]
[Date "2025.11.15"]
[Round "3.3"]
[White "Powell, Andrew"]
[Black "Sarwar, Adam"]
[Result "1/2-1/2"]
[WhiteElo "1633"]
[BlackElo "1650"]
[WhiteFideId "-1"]
[BlackFideId "-1"]
[PlyCount "84"]
[GameId "2259697303474273"]
[EventDate "2025.11.14"]
[EventType "swiss"]
[EventRounds "5"]
[EventCountry "WLS"]

1. d4 d5 2. Bf4 Nf6 3. e3 Bf5 4. Nf3 e6 5. Nbd2 Nbd7 6. Bb5 c6 7. Be2 c5 8. c3 a6 9. h3 h6 10. O-O Be7 11. Ne5 O-O 12. Ndf3 Rc8 13. Nxd7 Qxd7 14. Ne5 Qd8 15. Bd3 Bxd3 16. Qxd3 Qb6 17. Qc2 cxd4 18. exd4 Qxd4 19. Qd2 Qxd2 20. Bxd2 Bd6 21. Nf3 Ne4 22. Be3 Bc5 23. Bxc5 Rxc5 24. Rfd1 Rd8 25. Ne5 Rb5 26. Rab1 f6 27. Nf3 e5 28. Kf1 Ng5 29. Nxg5 hxg5 30. Ke2 Kf7 31. f3 d4 32. cxd4 exd4 33. Rd3 Rb4 34. a3 Rb5 35. b4 Re5+ 36. Kf2 Ke6 37. Rc1 Rd7 38. g3 f5 39. Rc4 Red5 40. Rc8 Rd8 41. Rc7 R8d7 42. Rc4 R7d6 1/2-1/2

[Event "West Wales Minor"]
[Site "Pontlliw"]
[Date "2025.11.15"]
[Round "3.4"]
[White "Fitzpatrick, Riley"]
[Black "Belochkin, David"]
[Result "0-1"]
[Annotator "Home"]
[WhiteElo "1437"]
[BlackElo "1546"]
[WhiteFideId "-1"]
[BlackFideId "-1"]
[PlyCount "48"]
[GameId "2259698571477099"]
[EventDate "2025.11.14"]
[EventType "swiss"]
[EventRounds "5"]
[EventCountry "WLS"]

{[%evp 0,48,12,35,27,18,35,30,107,38,48,11,22,18,124,63,121,37,61,10,15,3,2,-10,13,-19,-38,-100,-55,29,-10,12,-19,-11,36,60,100,7,-3,9,157,-6,86,-209,-214,-584,-413,-558,-576,-552,-555]} 1. Nf3 Nc6 2. d4 d5 3. c4 Bf5 4. e3 Nf6 5. Be2 e6 6. O-O b6 7. a3 Bd6 8. Nc3 a6 9. cxd5 exd5 10. b4 O-O 11. Bd3 Qd7 12. Re1 Rfe8 13. Nh4 Bxd3 14. Qxd3 Qg4 15. Nf3 h6 16. Bb2 Bf8 17. Rac1 a5 18. Nxd5 Nxd5 19. Rxc6 Qd7 20. Rcc1 axb4 21. e4 bxa3 22. exd5 axb2 23. Rb1 Rxe1+ 24. Nxe1 Ra1 0-1